000 00351pam a2200157a 44500
008 230515b1996 xxu||||| |||| 00| 0 eng d
020 _aNULL
041 _aENGLISH
082 _aN.D.
100 _aPopov E.P
245 _aEngineering Mechanics Of Solids
250 _a0
260 _aNULL
_bPrentice Hall
_c1996
300 _a727
650 _aNULL
999 _c580924
_d580924